<?xml version="1.0" encoding="UTF-8"?><?xml-stylesheet type="text/xsl" href="static/style.xsl"?><OAI-PMH xmlns="http://www.openarchives.org/OAI/2.0/" xmlns:xsi="http://www.w3.org/2001/XMLSchema-instance" xsi:schemaLocation="http://www.openarchives.org/OAI/2.0/ http://www.openarchives.org/OAI/2.0/OAI-PMH.xsd"><responseDate>2026-04-18T03:44:20Z</responseDate><request verb="GetRecord" identifier="oai:www.recercat.cat:20.500.12327/1769" metadataPrefix="marc">https://recercat.cat/oai/request</request><GetRecord><record><header><identifier>oai:recercat.cat:20.500.12327/1769</identifier><datestamp>2025-10-22T11:21:03Z</datestamp><setSpec>com_2072_4428</setSpec><setSpec>com_2072_4427</setSpec><setSpec>col_2072_487898</setSpec></header><metadata><record xmlns="http://www.loc.gov/MARC21/slim" xmlns:dcterms="http://purl.org/dc/terms/" xmlns:xsi="http://www.w3.org/2001/XMLSchema-instance" xmlns:doc="http://www.lyncode.com/xoai" xsi:schemaLocation="http://www.loc.gov/MARC21/slim http://www.loc.gov/standards/marcxml/schema/MARC21slim.xsd">
   <leader>00925njm 22002777a 4500</leader>
   <datafield ind2=" " ind1=" " tag="042">
      <subfield code="a">dc</subfield>
   </datafield>
   <datafield ind2=" " ind1=" " tag="720">
      <subfield code="a">Martín-Valls, Gerard Eduard</subfield>
      <subfield code="e">author</subfield>
   </datafield>
   <datafield ind2=" " ind1=" " tag="720">
      <subfield code="a">Mortensen, Preben</subfield>
      <subfield code="e">author</subfield>
   </datafield>
   <datafield ind2=" " ind1=" " tag="720">
      <subfield code="a">Clilvert, Hepzibar</subfield>
      <subfield code="e">author</subfield>
   </datafield>
   <datafield ind2=" " ind1=" " tag="720">
      <subfield code="a">Li, Yanli</subfield>
      <subfield code="e">author</subfield>
   </datafield>
   <datafield ind2=" " ind1=" " tag="720">
      <subfield code="a">Cortey, Martí</subfield>
      <subfield code="e">author</subfield>
   </datafield>
   <datafield ind2=" " ind1=" " tag="720">
      <subfield code="a">Sno, Melanie</subfield>
      <subfield code="e">author</subfield>
   </datafield>
   <datafield ind2=" " ind1=" " tag="720">
      <subfield code="a">Barna, Timea</subfield>
      <subfield code="e">author</subfield>
   </datafield>
   <datafield ind2=" " ind1=" " tag="720">
      <subfield code="a">Terré, Marisa</subfield>
      <subfield code="e">author</subfield>
   </datafield>
   <datafield ind2=" " ind1=" " tag="720">
      <subfield code="a">Guerra, Nicolas</subfield>
      <subfield code="e">author</subfield>
   </datafield>
   <datafield ind2=" " ind1=" " tag="720">
      <subfield code="a">Mateu, Enric</subfield>
      <subfield code="e">author</subfield>
   </datafield>
   <datafield ind2=" " ind1=" " tag="260">
      <subfield code="c">2022-04-05</subfield>
   </datafield>
   <datafield ind2=" " ind1=" " tag="520">
      <subfield code="a">Background: Porcine reproductive and respiratory syndrome virus (PRRSV) vaccination is usually based on administering periodically PRRS modified live virus (MLV) in sows throughout their life. Using this schedule, transfer of maternally derived antibodies to the offspring is limited. The aim of the present study was to test the concept of priming with an MLV and boosting with a commercial inactivated virus vaccine in sows to reduce PRRSV incidence and improve productivity.&#xd;
&#xd;
Methods: On two farms, all the sows were vaccinated with a MLV vaccine at week 8 of gestation. Then two groups were designated, one group was re-vaccinated in the third week prior to farrowing and using a commercial inactivated vaccine (the PG group). The second group was the control group (C). Assays for PRRSV infection and productive parameters were evaluated.&#xd;
&#xd;
Results: For both farms, the incidence of PRRSV was lower at 6 weeks of age in PG than in C (p &lt; 0.05). At weaning the proportion of PRRSV seropositive piglets was higher for PG as well (p &lt; 0.05). The litters from C sows from both farms showed a higher pre-weaning mortality (odds ratio, C vs. PG = 1.18 ± 0.09; p &lt; 0.05).&#xd;
&#xd;
Conclusions: Administration of the vaccine in sows before farrowing was safe and associated with reduced incidence of PRRSV in piglets up to 6 weeks of age.</subfield>
   </datafield>
   <datafield ind1="8" ind2=" " tag="024">
      <subfield code="a">Martín‐Valls, Gerard Eduard, Preben Mortensen, Hepzibar Clilvert, Yanli Li, Martí Cortey, Melanie Sno, Timea Barna, Marisa Terré, Nicolas Guerra and Enric Mateu. 2022. "The Use Of A Whole Inactivated PRRS Virus Vaccine Administered In Sows And Impact On Maternally Derived Immunity And Timing Of PRRS Virus Infection In Piglets". Veterinary Record Open 9 (1). doi:10.1002/vro2.34.</subfield>
   </datafield>
   <datafield ind1="8" ind2=" " tag="024">
      <subfield code="a">0042-4900</subfield>
   </datafield>
   <datafield ind1="8" ind2=" " tag="024">
      <subfield code="a">http://hdl.handle.net/20.500.12327/1769</subfield>
   </datafield>
   <datafield ind1="8" ind2=" " tag="024">
      <subfield code="a">https://doi.org/10.1002/vro2.34</subfield>
   </datafield>
   <datafield ind2="0" ind1="0" tag="245">
      <subfield code="a">The use of a whole inactivated PRRS virus vaccine administered in sows and impact on maternally derived immunity and timing of PRRS virus infection in piglets</subfield>
   </datafield>
</record></metadata></record></GetRecord></OAI-PMH>